[Event "Mittelrhein Regionalliga 1920"]
[Site "Mittelrhein"]
[Date "2019.10.27"]
[Round "2.5"]
[White "Haverkamp, Klaus"]
[Black "Dischinger, Frank"]
[Result "1-0"]
[WhiteElo "1878"]
[BlackElo "2005"]
[PlyCount "53"]
[EventDate "2019.09.29"]
[EventType "team-tourn"]
[EventRounds "9"]
[EventCountry "GER"]
[SourceTitle "EXT 2023"]
[Source "ChessBase"]
[SourceDate "2022.10.05"]
[SourceVersion "1"]
[SourceVersionDate "2022.10.05"]
[SourceQuality "1"]
[WhiteTeam "Herzogenrath"]
[BlackTeam "Aachen SV II"]
[WhiteTeamCountry "GER"]
[BlackTeamCountry "GER"]

1. e4 c5 2. Nf3 g6 3. Nc3 Bg7 4. d4 cxd4 5. Nxd4 Nc6 6. Be3 Nf6 7. Nxc6 bxc6 8. e5 Ng8 9. f4 Rb8 10. Bc4 Qa5 11. Bb3 Nh6 12. 0-0 0-0 13. Ne4 Nf5 14. Bf2 h5 15. Ng3 d5 16. Nxf5 Bxf5 17. Qd4 Rb7 18. Qc5 Qxc5 19. Bxc5 Be4 20. Rad1 f6 21. exf6 Bxf6 22. c4 Rd8 23. cxd5 cxd5 24. Rfe1 e6 25. Bd4 Kg7 26. Bxf6+ Kxf6 27. Rxe4 1-0

[Event "Mittelrhein Regionalliga 18/19"]
[Site "Nordrheinwestfalen"]
[Date "2019.03.10"]
[Round "8.4"]
[White "Dischinger, Frank"]
[Black "Saizew, Valeri"]
[Result "1/2-1/2"]
[WhiteElo "2014"]
[BlackElo "2087"]
[PlyCount "49"]
[EventDate "2018.10.28"]
[EventType "team-tourn"]
[EventRounds "11"]
[EventCountry "GER"]
[SourceTitle "EXT 2022"]
[Source "ChessBase"]
[SourceDate "2021.10.06"]
[SourceVersion "1"]
[SourceVersionDate "2021.10.06"]
[SourceQuality "1"]
[WhiteTeam "Aachen SV II"]
[BlackTeam "Wuerselen"]
[WhiteTeamCountry "GER"]
[BlackTeamCountry "GER"]

1. e4 e5 2. Nf3 Nc6 3. Bb5 Nf6 4. d3 Bc5 5. 0-0 Nd4 6. Nxd4 Bxd4 7. c3 Bb6 8. Na3 c6 9. Ba4 0-0 10. Qf3 d6 11. Bg5 Bc7 12. Nc2 h6 13. Bc1 d5 14. Bb3 a5 15. Ne3 a4 16. Bc2 Re8 17. Nf5 Bxf5 18. Qxf5 Qd7 19. Qf3 Qg4 20. Qxg4 Nxg4 21. h3 Nf6 22. Be3 b5 23. f3 Reb8 24. b3 Ba5 25. b4 1/2-1/2

[Event "Mittelrhein Regionalliga 1718"]
[Site "Nordrheinwestfalen"]
[Date "2018.05.06"]
[Round "9.3"]
[White "Lindam, Ingo"]
[Black "Dischinger, Frank"]
[Result "0-1"]
[WhiteElo "2079"]
[BlackElo "2030"]
[PlyCount "80"]
[EventDate "2017.09.10"]
[EventType "team-tourn"]
[EventRounds "9"]
[EventCountry "GER"]
[SourceTitle "EXT 2022"]
[Source "ChessBase"]
[SourceDate "2021.10.06"]
[SourceVersion "1"]
[SourceVersionDate "2021.10.06"]
[SourceQuality "1"]
[WhiteTeam "Koeln Lasker"]
[BlackTeam "Aachen SV II"]
[WhiteTeamCountry "GER"]
[BlackTeamCountry "GER"]

1. d4 d5 2. Nf3 Nf6 3. c4 dxc4 4. e3 e6 5. Bxc4 a6 6. 0-0 c5 7. dxc5 Qxd1 8. Rxd1 Bxc5 9. Nbd2 Nbd7 10. Nb3 Ba7 11. Bd2 Nb6 12. Be2 Nbd5 13. Bd3 Bd7 14. Ne5 Ba4 15. Rdc1 0-0 16. Nc5 Bxc5 17. Rxc5 Rfd8 18. b3 Be8 19. e4 b6 20. Rc2 Ne7 21. Be3 Rd6 22. f3 Ng6 23. Be2 Nxe5 24. f4 Rc6 25. Rd2 Neg4 26. Bd4 Nxe4 27. Rd3 Ngf6 28. Bf3 Rac8 29. Re1 Rc1 30. Rde3 Rxe1+ 31. Rxe1 Nc5 32. Rc1 a5 33. a3 Bd7 34. b4 axb4 35. axb4 Nd3 36. Rd1 Rc1 37. Rxc1 Nxc1 38. Bxb6 Nd3 39. Ba5 Nxf4 40. Kf2 N6d5 0-1

[Event "Mittelrhein Regionalliga 1718"]
[Site "Nordrheinwestfalen"]
[Date "2018.01.14"]
[Round "5.5"]
[White "Dischinger, Frank"]
[Black "Bien, Stefan"]
[Result "1/2-1/2"]
[WhiteElo "2024"]
[BlackElo "2099"]
[PlyCount "103"]
[EventDate "2017.09.10"]
[EventType "team-tourn"]
[EventRounds "9"]
[EventCountry "GER"]
[SourceTitle "EXT 2022"]
[Source "ChessBase"]
[SourceDate "2021.10.06"]
[SourceVersion "1"]
[SourceVersionDate "2021.10.06"]
[SourceQuality "1"]
[WhiteTeam "Aachen SV II"]
[BlackTeam "Wuerselen"]
[WhiteTeamCountry "GER"]
[BlackTeamCountry "GER"]

1. e4 c6 2. Nf3 d5 3. Nc3 Bg4 4. h3 Bxf3 5. Qxf3 e6 6. d3 Nf6 7. g3 Nbd7 8. Bg2 d4 9. Nb1 Bb4+ 10. Nd2 0-0 11. 0-0 a5 12. a3 Be7 13. a4 Bb4 14. Qe2 e5 15. f4 Bxd2 16. Bxd2 Qb6 17. b3 Rfe8 18. g4 exf4 19. Bxf4 Ne5 20. g5 Nfd7 21. h4 Rad8 22. Bh3 Qc5 23. Kh1 Qe7 24. Rf2 c5 25. h5 Nc6 26. Rg1 g6 27. Qg4 Nde5 28. Qh4 Rb8 29. Bg4 b5 30. axb5 Rxb5 31. Rh2 Rb7 32. Bd1 a4 33. bxa4 Ra8 34. Kg2 c4 35. Qg3 Rxa4 36. hxg6 fxg6 37. Rgh1 Qe6 38. dxc4 d3 39. Qh3 Qxh3+ 40. Kxh3 Rxc4 41. cxd3 Nxd3 42. Bd2 Nce5 43. Re2 Rb1 44. Kg2 Kg7 45. Rf1 Rc7 46. Be3 Rd7 47. Ba4 Rxf1 48. Kxf1 Rf7+ 49. Kg1 Rf3 50. Bb5 Kf8 51. Bd2 Rf7 52. Be3 1/2-1/2

[Event "Mittelrhein Regionalliga 1718"]
[Site "Nordrheinwestfalen"]
[Date "2017.12.03"]
[Round "4.4"]
[White "Dischinger, Frank"]
[Black "Debald, Heinrich"]
[Result "1-0"]
[WhiteElo "2042"]
[BlackElo "1991"]
[PlyCount "81"]
[EventDate "2017.09.10"]
[EventType "team-tourn"]
[EventRounds "9"]
[EventCountry "GER"]
[SourceTitle "EXT 2022"]
[Source "ChessBase"]
[SourceDate "2021.10.06"]
[SourceVersion "1"]
[SourceVersionDate "2021.10.06"]
[SourceQuality "1"]
[WhiteTeam "Aachen SV II"]
[BlackTeam "Leverkusen SC Bayer"]
[WhiteTeamCountry "GER"]
[BlackTeamCountry "GER"]

1. e4 c6 2. Nf3 d5 3. Nc3 dxe4 4. Nxe4 Bf5 5. Ng3 Bg6 6. h4 h6 7. Ne5 Bh7 8. Qh5 g6 9. Bc4 e6 10. Qe2 Qe7 11. d4 Nf6 12. Bd2 Nbd7 13. 0-0-0 Nb6 14. Bb3 a5 15. a3 Bg7 16. Qe1 Nfd7 17. Nxd7 Nxd7 18. Bxa5 0-0 19. Ne4 b6 20. Bb4 c5 21. dxc5 bxc5 22. Bc3 Ne5 23. Nd6 Nc6 24. Bxg7 Kxg7 25. Qc3+ Nd4 26. Ne4 e5 27. Kb1 Rfc8 28. Bd5 Rab8 29. g3 f6 30. f4 Bg8 31. Bxg8 Kxg8 32. fxe5 fxe5 33. h5 g5 34. Rhf1 Rb6 35. Qc4+ Kg7 36. c3 Qb7 37. cxd4 Qxe4+ 38. Ka1 Rc7 39. Rfe1 Qb7 40. dxc5 Rxb2 41. Qe6 1-0

[Event "Mittelrhein Verbandsliga-W 15/16"]
[Site "Nordrheinwestfalen"]
[Date "2016.03.13"]
[Round "9.7"]
[White "Frost, Andreas"]
[Black "Dischinger, Frank"]
[Result "0-1"]
[WhiteElo "1920"]
[BlackElo "2059"]
[PlyCount "92"]
[EventDate "2015.09.06"]
[EventType "team-tourn"]
[EventRounds "11"]
[EventCountry "GER"]
[SourceTitle "EXT 2022"]
[Source "ChessBase"]
[SourceDate "2021.10.06"]
[SourceVersion "1"]
[SourceVersionDate "2021.10.06"]
[SourceQuality "1"]
[WhiteTeam "Wuerselen II"]
[BlackTeam "Aachen SV II"]
[WhiteTeamCountry "GER"]
[BlackTeamCountry "GER"]

1. d4 d5 2. c4 dxc4 3. Nf3 a6 4. a4 Nf6 5. g3 c5 6. Nc3 cxd4 7. Qxd4 Qxd4 8. Nxd4 e5 9. Nf3 Nc6 10. Bd2 h6 11. Bg2 e4 12. Ng1 Bf5 13. h4 Nd4 14. Rd1 Bc5 15. Nh3 Nc2+ 16. Kf1 0-0-0 17. g4 Nxg4 18. Nxe4 Bxf2 19. Nhxf2 Nge3+ 20. Kg1 Nxd1 21. Bf4 Nde3 22. Nd6+ Rxd6 23. Bxd6 Rd8 24. Bf4 Nxg2 25. Kxg2 b5 26. Rc1 Nd4 27. e4 Be6 28. axb5 axb5 29. Ra1 Kb7 30. Nd1 Nb3 31. Rb1 Nd2 32. Bxd2 Rxd2+ 33. Nf2 b4 34. Kf3 g5 35. hxg5 hxg5 36. Ke3 Rc2 37. Nd1 g4 38. Kf4 Kb6 39. Kg3 Re2 40. Nf2 Re3+ 41. Kg2 Rb3 42. Nd1 c3 43. Rc1 cxb2 44. Rb1 Rd3 45. Nf2 Rd2 46. Kg3 Ba2 0-1

[Event "Mittelrhein Verbandsliga-W 15/16"]
[Site "Nordrheinwestfalen"]
[Date "2016.01.31"]
[Round "7.5"]
[White "Dischinger, Frank"]
[Black "Joedden, Klaus"]
[Result "1-0"]
[WhiteElo "2059"]
[BlackElo "1676"]
[PlyCount "69"]
[EventDate "2015.09.06"]
[EventType "team-tourn"]
[EventRounds "11"]
[EventCountry "GER"]
[SourceTitle "EXT 2022"]
[Source "ChessBase"]
[SourceDate "2021.10.06"]
[SourceVersion "1"]
[SourceVersionDate "2021.10.06"]
[SourceQuality "1"]
[WhiteTeam "Aachen SV II"]
[BlackTeam "Erftstadt SV"]
[WhiteTeamCountry "GER"]
[BlackTeamCountry "GER"]

1. e4 c5 2. Nf3 Nc6 3. Bb5 g6 4. 0-0 Bg7 5. Re1 Nf6 6. c3 0-0 7. d4 cxd4 8. cxd4 a6 9. Bd3 d5 10. e5 Ne8 11. h3 Nb4 12. Be3 Nxd3 13. Qxd3 Bf5 14. Qb3 b5 15. Nc3 Nc7 16. Rac1 Rc8 17. Ne2 Be6 18. Rc5 Na8 19. Qa3 Nb6 20. Rxc8 Qxc8 21. Qxe7 Qc2 22. Nf4 Bf5 23. Qc5 Nc4 24. Nxd5 Qxb2 25. Ne7+ Kh8 26. Nxf5 gxf5 27. Bg5 Rg8 28. Qe7 Qxa2 29. Bf6 Qa3 30. Bxg7+ Rxg7 31. Qd8+ Rg8 32. Qf6+ Rg7 33. Ng5 Kg8 34. e6 Nd6 35. Qd8+ 1-0

[Event "Mittelrhein Verbandsliga-W 15/16"]
[Site "Nordrheinwestfalen"]
[Date "2015.09.27"]
[Round "2.5"]
[White "Lentzen, Markus"]
[Black "Dischinger, Frank"]
[Result "1/2-1/2"]
[WhiteElo "1758"]
[BlackElo "2039"]
[PlyCount "55"]
[EventDate "2015.09.06"]
[EventType "team-tourn"]
[EventRounds "11"]
[EventCountry "GER"]
[SourceTitle "EXT 2022"]
[Source "ChessBase"]
[SourceDate "2021.10.06"]
[SourceVersion "1"]
[SourceVersionDate "2021.10.06"]
[SourceQuality "1"]
[WhiteTeam "Dueren Derichsweiler"]
[BlackTeam "Aachen SV II"]
[WhiteTeamCountry "GER"]
[BlackTeamCountry "GER"]

1. Nf3 c5 2. c4 Nc6 3. g3 Nf6 4. Nc3 d5 5. cxd5 Nxd5 6. Bg2 Nc7 7. 0-0 e5 8. d3 Be7 9. Be3 Be6 10. Rc1 f6 11. Qd2 Qd7 12. Rfd1 0-0 13. b3 Rac8 14. Qb2 Nd4 15. Bd2 Bg4 16. Be3 Nxf3+ 17. exf3 Bh5 18. Ne4 Ne6 19. Rd2 f5 20. Qxe5 fxe4 21. Qxh5 exd3 22. Rcd1 Rcd8 23. Bf1 g6 24. Qg4 Nd4 25. Bxd4 Qxg4 26. fxg4 Rxd4 27. Rxd3 Bf6 28. f4 1/2-1/2

[Event "Maastricht Limburg op-A 8th"]
[Site "Maastricht"]
[Date "2014.06.06"]
[Round "1"]
[White "Lentjes, Noud"]
[Black "Dischinger, Frank"]
[Result "1/2-1/2"]
[WhiteElo "2054"]
[BlackElo "2154"]
[PlyCount "103"]
[EventDate "2014.06.06"]
[EventType "swiss"]
[EventRounds "7"]
[EventCountry "NED"]
[SourceTitle "CBM 160 Extra"]
[Source "ChessBase"]
[SourceDate "2014.07.01"]
[SourceVersion "1"]
[SourceVersionDate "2014.07.01"]
[SourceQuality "1"]

1. e4 c5 2. Nf3 Nc6 3. d4 cxd4 4. Nxd4 g6 5. Be3 Nf6 6. Nc3 Bg7 7. Bc4 0-0 8. Bb3 a5 9. 0-0 a4 10. Bxa4 Nxe4 11. Nxe4 Rxa4 12. c3 Ra8 13. Nc5 d5 14. Qd2 Ne5 15. Bg5 Qc7 16. Ncb3 Nc4 17. Qc1 e5 18. Ne2 Be6 19. Bh6 Bxh6 20. Qxh6 Nxb2 21. f4 f6 22. Ng3 Nd3 23. f5 gxf5 24. Nh5 Rf7 25. Nxf6+ Kh8 26. Nxh7 Qb6+ 27. Kh1 Rxh7 28. Qf6+ Rg7 29. Rxf5 Re8 30. Raf1 Qd8 31. Rh5+ Kg8 32. Qh6 Nf4 33. Rxe5 Ng6 34. Rg5 Rf8 35. Re1 Qf6 36. h4 Nf4 37. Rxg7+ Qxg7 38. Qxg7+ Kxg7 39. g3 d4 40. gxf4 Bd5+ 41. Kg1 dxc3 42. Rc1 Rc8 43. Nd4 Bxa2 44. Kf2 Kf6 45. Ke3 Bf7 46. Kd3 Rh8 47. Rh1 Rc8 48. Rc1 Bg6+ 49. f5 Bxf5+ 50. Nxf5 Kxf5 51. Rxc3 Rd8+ 52. Ke3 1/2-1/2

[Event "Rheinland Pfalz op 5th"]
[Site "Worms"]
[Date "2013.05.30"]
[Round "1"]
[White "Heck, Ewald"]
[Black "Dischinger, Frank"]
[Result "0-1"]
[WhiteElo "1677"]
[BlackElo "2159"]
[PlyCount "76"]
[EventDate "2013.05.30"]
[EventType "swiss"]
[EventRounds "7"]
[EventCountry "GER"]
[SourceTitle "EXT 2014"]
[Source "ChessBase"]
[SourceDate "2013.11.20"]
[SourceVersion "1"]
[SourceVersionDate "2013.11.20"]
[SourceQuality "1"]

1. d4 g6 2. c4 Bg7 3. Nc3 d6 4. Nf3 Nf6 5. e4 0-0 6. Be2 e5 7. 0-0 Nc6 8. d5 Ne7 9. Ne1 Ne8 10. Be3 f5 11. f3 f4 12. Bf2 g5 13. Rc1 Rf7 14. b4 h5 15. c5 Bh6 16. Nd3 Rg7 17. Kh1 Ng6 18. cxd6 cxd6 19. Nb5 a6 20. Nc3 g4 21. Bg1 Nh4 22. Na4 Nxg2 23. Nb6 gxf3 24. Bxf3 Bh3 25. Nxa8 Qg5 26. Qc2 Nh4 27. Bb6 Nxf3 28. Rg1 Nxg1 29. Rxg1 Bg4 30. Qf2 Nf6 31. Qf1 Qg6 32. h3 Qxe4+ 33. Kh2 Be2 34. Nf2 Bxf1 35. Nxe4 Nxe4 36. Rxf1 Nd2 37. Rf2 f3 38. Nc7 e4 0-1

[Event "Oberliga NRW 1213"]
[Site "Germany"]
[Date "2012.09.16"]
[Round "1.8"]
[White "Dischinger, Frank"]
[Black "Henrichs, Wenke"]
[Result "1/2-1/2"]
[WhiteElo "2117"]
[BlackElo "2007"]
[PlyCount "31"]
[EventDate "2012.09.16"]
[EventType "team-tourn"]
[EventRounds "9"]
[EventCountry "GER"]
[SourceTitle "EXT 2017"]
[Source "ChessBase"]
[SourceDate "2016.10.25"]
[SourceVersion "1"]
[SourceVersionDate "2016.10.25"]
[SourceQuality "1"]
[WhiteTeam "Aachen"]
[BlackTeam "Bochum Wattenscheid II"]
[WhiteTeamCountry "GER"]
[BlackTeamCountry "GER"]

1. d4 e6 2. Nf3 f5 3. g3 Nf6 4. Bg2 d5 5. c4 Bd6 6. 0-0 c6 7. Qc2 0-0 8. Ne5 Nbd7 9. f4 Ne4 10. Nd2 Nxe5 11. fxe5 Be7 12. Nxe4 fxe4 13. Be3 Bd7 14. Rxf8+ Bxf8 15. Rb1 b5 16. cxb5 1/2-1/2

[Event "Mittelrhein-chT 1112"]
[Site "Germany"]
[Date "2012.05.06"]
[Round "12.3"]
[White "Dischinger, Frank"]
[Black "Bussard, Christian"]
[Result "1/2-1/2"]
[WhiteElo "2044"]
[BlackElo "2091"]
[PlyCount "61"]
[EventDate "2011.09.11"]
[EventType "team-tourn"]
[EventRounds "13"]
[EventCountry "GER"]
[SourceTitle "EXT 2013"]
[Source "ChessBase"]
[SourceDate "2012.11.22"]
[SourceVersion "1"]
[SourceVersionDate "2012.11.22"]
[SourceQuality "1"]
[WhiteTeam "Aachen Hoern"]
[BlackTeam "Niederkassel"]
[WhiteTeamCountry "GER"]
[BlackTeamCountry "GER"]

1. d4 Nf6 2. Nf3 g6 3. c4 Bg7 4. g3 d6 5. Bg2 0-0 6. 0-0 c6 7. Nc3 Qc7 8. h3 e5 9. e4 Na6 10. Be3 Re8 11. Qc2 Be6 12. d5 cxd5 13. cxd5 Bd7 14. Rfc1 Qc4 15. Nd2 Qc8 16. Kh2 Qb8 17. Rab1 Rc8 18. b4 Ne8 19. Qb3 f5 20. Na4 Rxc1 21. Rxc1 Nac7 22. Nc3 Qd8 23. b5 Rc8 24. b6 axb6 25. Qxb6 Nb5 26. Qxd8 Rxd8 27. Nxb5 Bxb5 28. Bf1 Bxf1 29. Rxf1 Ra8 30. Rb1 Rxa2 31. Rxb7 1/2-1/2

[Event "Mittelrhein-chT 1112"]
[Site "Germany"]
[Date "2012.01.15"]
[Round "7.3"]
[White "Loseries, Uwe"]
[Black "Dischinger, Frank"]
[Result "1-0"]
[WhiteElo "2107"]
[BlackElo "2044"]
[PlyCount "57"]
[EventDate "2011.09.11"]
[EventType "team-tourn"]
[EventRounds "13"]
[EventCountry "GER"]
[SourceTitle "EXT 2013"]
[Source "ChessBase"]
[SourceDate "2012.11.22"]
[SourceVersion "1"]
[SourceVersionDate "2012.11.22"]
[SourceQuality "1"]
[WhiteTeam "Koeln Lasker"]
[BlackTeam "Aachen Hoern"]
[WhiteTeamCountry "GER"]
[BlackTeamCountry "GER"]

1. d4 Nf6 2. c4 b6 3. Nc3 Bb7 4. Nf3 e6 5. e3 Bb4 6. Bd3 Ne4 7. Qc2 f5 8. a3 Bxc3+ 9. bxc3 0-0 10. 0-0 d6 11. Nd2 Nxd2 12. Bxd2 Nd7 13. Rae1 Qf6 14. f3 h5 15. Rf2 Rf7 16. e4 f4 17. e5 dxe5 18. Rfe2 exd4 19. Rxe6 Qg5 20. cxd4 Nf6 21. R1e5 Qh6 22. Bg6 Rd7 23. d5 Rf8 24. g3 Nxd5 25. cxd5 Bxd5 26. Bxf4 Rxf4 27. Re8+ Rf8 28. Rxf8+ Kxf8 29. Re8# 1-0

[Event "BEL-chT 1112"]
[Site "Belgium"]
[Date "2011.11.06"]
[Round "3.5"]
[White "Tiggelman, Rene"]
[Black "Dischinger, Frank"]
[Result "1-0"]
[WhiteElo "2208"]
[BlackElo "2176"]
[PlyCount "61"]
[EventDate "2011.10.09"]
[EventType "team-tourn"]
[EventRounds "11"]
[EventCountry "BEL"]
[SourceTitle "EXT 2012"]
[Source "ChessBase"]
[SourceDate "2011.11.24"]
[SourceVersion "1"]
[SourceVersionDate "2011.11.24"]
[SourceQuality "1"]
[WhiteTeam "Jean Jaures"]
[BlackTeam "Eynatten"]
[WhiteTeamCountry "BEL"]
[BlackTeamCountry "BEL"]

1. d4 Nf6 2. Nf3 g6 3. c4 Bg7 4. Nc3 0-0 5. e4 c6 6. h3 d5 7. e5 Ne4 8. Bd3 Nxc3 9. bxc3 dxc4 10. Bxc4 b6 11. Qe2 a5 12. Bf4 b5 13. Bd3 Be6 14. h4 h5 15. Ng5 Bd5 16. a4 b4 17. Rc1 bxc3 18. 0-0 Bb3 19. Qe3 c5 20. dxc5 Nc6 21. Bb5 Nb4 22. Qxc3 Bd5 23. Qe3 e6 24. Rfd1 Qc7 25. Ne4 Bc6 26. Nf6+ Kh8 27. Bh6 Nd5 28. Qg5 Bxf6 29. exf6 Rg8 30. Bxc6 Qxc6 31. Bf8 1-0

[Event "BEL-chT 0910"]
[Site "Belgium"]
[Date "2009.09.27"]
[Round "1"]
[White "Dischinger, Frank"]
[Black "Braun, Christian1"]
[Result "0-1"]
[WhiteElo "2197"]
[BlackElo "2345"]
[PlyCount "96"]
[EventDate "2009.09.27"]
[EventType "team-tourn"]
[EventRounds "11"]
[EventCountry "BEL"]
[SourceTitle "EXT 2011"]
[Source "ChessBase"]
[SourceDate "2010.11.26"]
[SourceVersion "1"]
[SourceVersionDate "2010.11.26"]
[SourceQuality "1"]
[WhiteTeam "KSK47 Eynatten II"]
[BlackTeam "KSK47 Eynatten"]
[WhiteTeamCountry "BEL"]
[BlackTeamCountry "BEL"]

1. e4 e6 2. d4 d5 3. exd5 exd5 4. Nf3 Bd6 5. Bd3 Ne7 6. 0-0 Nbc6 7. c3 Bg4 8. Bg5 f6 9. Bh4 Qd7 10. Bg3 0-0-0 11. Bxd6 Qxd6 12. Nbd2 g5 13. Qc2 Ng6 14. Bf5+ Bxf5 15. Qxf5+ Kb8 16. Rfe1 Nce7 17. Qe6 Qxe6 18. Rxe6 Rhf8 19. Rae1 Nf5 20. g4 Nh6 21. h3 Nf4 22. Re7 Nxh3+ 23. Kg2 Nf4+ 24. Kg3 Nf7 25. Rh1 h6 26. Nh4 Nd6 27. Ng2 Nxg2 28. Kxg2 Rh8 29. Re6 Rdf8 30. Nf1 Kc8 31. Ng3 Kd7 32. Re2 f5 33. Re5 f4 34. Nh5 f3+ 35. Kh3 Ne4 36. Rh2 c6 37. Ng3 Nf6 38. Nh5 Nxh5 39. gxh5 Re8 40. Rh1 Rxe5 41. dxe5 Ke6 42. Re1 Rf8 43. Re3 c5 44. b3 b6 45. a3 d4 46. cxd4 cxd4 47. Re1 Rf5 48. Re4 Kd5 0-1

[Event "Sitges op 35th"]
[Site "Sitges"]
[Date "2009.07.23"]
[Round "2"]
[White "Almeida Quintana, Omar"]
[Black "Dischinger, Frank"]
[Result "1-0"]
[WhiteElo "2524"]
[BlackElo "2197"]
[PlyCount "63"]
[EventDate "2009.07.22"]
[EventType "swiss"]
[EventRounds "9"]
[EventCountry "ESP"]
[SourceTitle "CBM 131 Extra"]
[Source "ChessBase"]
[SourceDate "2009.09.03"]
[SourceVersion "2"]
[SourceVersionDate "2009.09.16"]
[SourceQuality "1"]

1. d4 g6 2. c4 Bg7 3. Nc3 d6 4. e4 Nc6 5. Be3 e5 6. Nge2 f5 7. exf5 gxf5 8. d5 Nce7 9. f4 Nf6 10. g3 Ng6 11. Bg2 Ng4 12. Bc1 h5 13. fxe5 dxe5 14. h3 Nh6 15. Qa4+ Bd7 16. Qb3 b6 17. Be3 h4 18. 0-0-0 hxg3 19. Nxg3 Qh4 20. Nge2 f4 21. Be4 Bf5 22. Qb5+ Kf7 23. Bxf5 Nxf5 24. Qd7+ Nge7 25. Bd2 f3 26. Ng1 Nd4 27. Nxf3 Nxf3 28. Rdf1 Qh5 29. Ne4 Rad8 30. Ng5+ Kg6 31. Qe6+ Bf6 32. Qf7+ 1-0